000 02240nac a2200349 a 4500
003 CO-PeBPM
005 20250401202542.0
007 ta
008 250401s2020 ck a|||| |||| 00| 0 spa d
020 _aISBN: 9789585138100
040 _aCO-PeBPM
_bspa
_cCO-PeBPM
_erda
041 _aspa
082 0 4 _a306.098 C965m
_222
100 1 0 _aCuevas Marín, Pilar
_eautora
245 1 0 _aMemoria colectiva, corporalidad y autocuidado
_b: Rutas para una pedagogía Decolonial
_c/ Pilar Cuevas Marín, Judith Bautista Fajardo
250 _aSegunda edición
260 _aBogotá, Colombia
_b: Universidad Pedagógica Nacional
_c, 2020
300 _a98 páginas
_c20 centímetros
490 _aColección Rescate
500 _aIncluye índice
500 _aContiene datos biográficos de las autoras al final del texto
504 _aIncluye Referencias Bibliográficas al final del texto
520 _a“Las profesoras Pilar Cuevas Marín y Judith Bautista Fajardo elaboran una propuesta pedagógica para comprender por qué estamos en una situación de sociedad atrapada en medio de torbellinos sin fin, destructores de la vida humana y de la naturaleza, no como un destino manifiesto inmodificable, sino como estructura social estratificada y centralizada, construida por siglos de colonialismo y colonialidad. Pilar y Judith no solo elaboran una teoría de comprensión e impugnación del sistema-mundo de dominación, sino que también diseñan rutas pedagógicas para indagar desde el cuerpo y el sistema energético las memorias inscritas en ellos, y llegan a develar su capacidad emancipatoria y de restitución del ser. De esta manera, el mundo de las pedagogías decoloniales abre una nueva perspectiva de entendimiento y creación de alternativas comunitarias de vida. Las corporeidades diversas irrumpen como lugares dinámicos de creación y de re-existencia”.
650 1 4 _aMemoria colectiva
_2LEMB
650 1 4 _aIdentidad cultural
_2LEMB
650 1 4 _aPedagogía
_2LEMB
650 1 4 _aSociología del conocimiento
_2LEMB
650 1 4 _aDesarrollo de la Memoria
_2LEMB
700 1 4 _aBautista Fajardo, Judith
_eautora
942 _2ddc
_cBK
_n0
999 _c60625
_d60625